000 00461nam a22001577a 4500
005 20260219025622.0
008 260219b |||||||| |||| 00| 0 eng d
020 _a0 619 21724 3
040 _cJHCSC
082 _2005.13
100 _910168
_aByrom Weber Becker
_eAuthor
245 _aJAVA
_bLearning to Program with Robots
260 _aUnited States
_bThomson Course Technology
_c2007
300 _axxiv, 831 pages
_bincludes illustrations
942 _2ddc
_cBOOK
999 _c11354
_d11354